Т. 67, № 10; Журнал неорганической химии

Xehetasun bibliografikoak
Parent link:Журнал неорганической химии/ Российская академия наук (РАН), Отделение химии и наук о материалах РАН. Т. 67, № 10.— , 1956-
Hizkuntza:errusiera
Argitaratua: 2022
Sarrera elektronikoa:https://sciencejournals.ru/view-issue/?j=nergkhim&y=2022&v=67&n=10
Formatua: MixedMaterials Baliabide elektronikoa Liburua
KOHA link:https://koha.lib.tpu.ru/cgi-bin/koha/opac-detail.pl?biblionumber=588223

MARC

LEADER 00000nam2a2200000 4500
001 588223
005 20231101131511.0
035 |a (RuTPU)RU\TPU\prd\290939 
035 |a RU\TPU\prd\290938 
090 |a 588223 
100 |a 20221215a19569999k y0rusy50 ca 
101 0 |a rus 
102 |a RU 
181 0 |a i  
182 0 |a b 
200 0 |a Т. 67, № 10  |b Электронный ресурс 
203 |a Текст  |c электронный 
210 |d 2022 
461 1 |0 (RuTPU)RU\TPU\prd\160  |t Журнал неорганической химии  |f Российская академия наук (РАН), Отделение химии и наук о материалах РАН  |v Т. 67, № 10  |d 1956- 
801 0 |a RU  |b 63413507  |c 20010227  |g PSBO 
801 1 |a RU  |b 63413507  |c 20210118 
801 2 |a RU  |b 63413507  |c 20230411  |g RCR 
856 4 0 |u https://sciencejournals.ru/view-issue/?j=nergkhim&y=2022&v=67&n=10 
942 |c BK